000 00273nam a2200109Ia 4500
008 220204s9999 xx 000 0 und d
082 _a658.3.05
_bHIL
100 _aHilton, Anthony
245 0 _aEmployee reports
260 _aCambridge
_bWoodhead-Faulkner
_c1978
942 _cBK
999 _c37055
_d37055